00578cam a2200169 4500001001100000008004100011035001500052050002600067100003800093245011000131260003700241300002100278440002700299500003800326500001200364650003200376BFIL007790 1930 spa  aBFIL007790 4aPQ7389b.H33 H47 19301 aHernandez Cata, Alfonso 1885-1940 0aPelayo González : algunas de sus ideas, algunos de sus hechos, su muerte /cA[lfonso] Hernández-Cata. aBarcelona :bRamon Sopena,c1930 a302 p. ;c18 cm. 0aBiblioteca Sopena ; 45 aFecha de publicación presumible a1 ejem. 4aLiteratura CubanaxSiglo XX